[Event "IIFL Wealth  4th Mumbai Junior U-13"]
[Site "Mumbai"]
[Date "2019.01.05"]
[Round "7"]
[White "Srihari L R"]
[Black "Manish Anto Cristiano F"]
[Result "0-1"]
[WhiteElo "2316"]
[BlackElo "2065"]
[Annotator "TA"]
[PlyCount "156"]
[EventDate "2018.12.30"]
[EventType "swiss"]
[EventCountry "IND"]
[SourceTitle "playchess.com"]
[Source "ChessBase"]
[SourceQuality "1"]

1. Nf3 d5 2. c4 c6 3. b3 Bg4 4. Bb2 Nd7 5. g3 e6 6. Bg2 Ngf6 7. O-O Be7 8. d3 O-O 9. Nbd2 Qb8 10. h3 Bh5 11. a3 e5 12. cxd5 cxd5 13. Nh4 Rd8 14. g4 Bg6 15. Nxg6 hxg6 16. b4 Nf8 17. e3 Ne6 18. Nf3 Nd7 19. Qb3 Qd6 20. Nd2 Nb6 21. Nf3 Bf6 22. a4 d4 23. e4 Rac8 24. Rfc1 Nf4 25. Bf1 Be7 26. Ba3 Rxc1 27. Rxc1 a5 28. Rc5 Nd7 29. Rb5 b6 30. Bc1 axb4 31. Bd2 Qf6 32. g5 Nxh3+ 33. Kg2 Nf4+ 34. Kg1 Qe6 35. Qxe6 Nxe6 36. Bxb4 Bxb4 37. Rxb4 Nf4 38. Nd2 Ra8 39. Nc4 Ra6 40. f3 f6 41. gxf6 gxf6 42. Kh2 Kf7 43. Kg3 Ke7 44. Kh2 Kd8 45. Kg3 Kc7 46. Na3 Nc5 47. Nb5+ Kd8 48. Nxd4 Nh5+ 49. Kg4 exd4 50. Rxd4+ Kc7 51. f4 Nxf4 52. Rc4 Nfe6 53. d4 Rxa4 54. dxc5 Nxc5 55. Rc2 Rxe4+ 56. Kf3 Rh4 57. Ra2 g5 58. Kg3 f5 59. Ra7+ Kd6 60. Rg7 f4+ 61. Kf3 Ne6 62. Rg6 Ke5 63. Bc4 Nd4+ 64. Kf2 g4 65. Rxb6 Rh2+ 66. Kf1 g3 67. Ra6 Rf2+ 68. Ke1 Nf3+ 69. Kd1 g2 70. Rg6 g1=Q+ 71. Rxg1 Nxg1 72. Ba6 Kd4 73. Ke1 Ke3 74. Bb7 Rb2 75. Kf1 Rxb7 76. Kxg1 f3 77. Kh1 Kf2 78. Kh2 Rh7# 0-1

[Event "IIFL Wealth  4th Mumbai Junior U-13"]
[Site "Mumbai"]
[Date "2019.01.05"]
[Round "7"]
[White "Aaryan Varshney"]
[Black "Nikhil Magizhnan"]
[Result "1/2-1/2"]
[WhiteElo "2200"]
[BlackElo "2148"]
[Annotator "TA"]
[PlyCount "102"]
[EventDate "2018.12.30"]
[EventType "swiss"]
[EventCountry "IND"]
[SourceTitle "playchess.com"]
[Source "ChessBase"]
[SourceQuality "1"]

1. d4 Nf6 2. Nf3 e6 3. c4 d5 4. Nc3 Bb4 5. cxd5 exd5 6. Bg5 O-O 7. e3 Be7 8. Bd3 c6 9. Qc2 h6 10. Bh4 Re8 11. O-O Nbd7 12. Bg3 Nf8 13. Rab1 Bd6 14. Bxd6 Qxd6 15. b4 Be6 16. b5 Bg4 17. Nd2 c5 18. dxc5 Qxc5 19. Nb3 Qd6 20. h3 Bh5 21. Nd4 Ne6 22. Nf5 Qd7 23. Ng3 d4 24. Nce4 Nxe4 25. Bxe4 Rac8 26. Qb2 Rc5 27. Bf5 dxe3 28. fxe3 Bg6 29. Bxg6 fxg6 30. Qb3 Qd5 31. Rfd1 Qxb3 32. Rxb3 Rc2 33. Ra3 Nc5 34. Rxa7 Rxe3 35. Kh2 Ne6 36. Ra8+ Kh7 37. Rf1 g5 38. Re8 Rcc3 39. Nf5 Re2 40. Ng3 Ree3 41. Rf7 Nd4 42. Rxe3 Rxe3 43. Rxb7 Ra3 44. Nh5 Rxa2 45. Rxg7+ Kh8 46. Rb7 Nf3+ 47. Kg3 Nh4 48. Kg4 Ra4+ 49. Kg3 Ra2 50. Kg4 Ra4+ 51. Kg3 Ra2 1/2-1/2

[Event "IIFL Wealth  4th Mumbai Junior U-13"]
[Site "Mumbai"]
[Date "2019.01.05"]
[Round "7"]
[White "Ayush Sharma"]
[Black "Pranav, V."]
[Result "1-0"]
[WhiteElo "1979"]
[BlackElo "2318"]
[Annotator "TA"]
[PlyCount "119"]
[EventDate "2018.12.30"]
[EventType "swiss"]
[EventCountry "IND"]
[SourceTitle "playchess.com"]
[Source "ChessBase"]
[SourceQuality "1"]

1. e4 e5 2. Nf3 Nc6 3. Bb5 a6 4. Ba4 d6 5. O-O Bd7 6. c3 g6 7. d4 Bg7 8. Bg5 f6 9. Be3 Nh6 10. d5 Ne7 11. Bc2 Ng4 12. Bd2 h5 13. h3 Nh6 14. c4 Nf7 15. Nc3 g5 16. Nh2 Ng6 17. Ne2 g4 18. hxg4 hxg4 19. Ng3 f5 20. exf5 Qh4 21. Nxg4 Ne7 22. Re1 Nxf5 23. Re4 Nxg3 24. fxg3 Qh5 25. Nf2 Qh2+ 26. Kf1 O-O-O 27. a4 Qxg3 28. Ra3 Qh2 29. Rf3 Rdf8 30. b4 Nh6 31. c5 Nf5 32. Rg4 Nd4 33. Rxg7 Nxf3 34. gxf3 Rhg8 35. Rxg8 Rxg8 36. Ke2 Rg1 37. Be1 Qg2 38. Qd2 e4 39. fxe4 Bg4+ 40. Ke3 Qg3+ 41. Kd4 Qe5+ 42. Kc4 Bh5 43. Qc3 Qe7 44. Qh8+ Be8 45. Bc3 Rc1 46. Kb3 Kb8 47. Bd4 Qf7 48. cxd6 cxd6 49. Nd3 Rf1 50. a5 Qe7 51. e5 Rf8 52. Qh6 Bf7 53. exd6 Bxd5+ 54. Kb2 Qd8 55. d7 Rf7 56. Ne5 Rxd7 57. Nxd7+ Qxd7 58. Qf8+ Kc7 59. Bb6+ Kc6 60. Ba4# 1-0

[Event "IIFL Wealth  4th Mumbai Junior U-13"]
[Site "Mumbai"]
[Date "2019.01.05"]
[Round "7"]
[White "Shah Jeet"]
[Black "Bhagyashree Patil"]
[Result "1-0"]
[WhiteElo "1904"]
[BlackElo "1758"]
[Annotator "NA RC"]
[PlyCount "115"]
[EventDate "2018.12.30"]
[EventType "swiss"]
[EventCountry "IND"]
[SourceTitle "playchess.com"]
[Source "ChessBase"]
[SourceQuality "1"]

1. e4 e5 2. Nf3 Nc6 3. Bc4 Bc5 4. c3 Nf6 5. d3 d6 6. Bb3 Bb6 7. Nbd2 a6 8. O-O O-O 9. Nc4 Ba7 10. Bg5 h6 11. Bh4 Ne7 12. Bxf6 gxf6 13. Nh4 Kh7 14. Ne3 c6 15. Qf3 Ng6 16. Nhf5 Ne7 17. Ng3 Ng6 18. Nh5 Nh4 19. Qg3 Ng6 20. Nf5 Be6 21. Qh3 Rh8 22. Nhg3 Qf8 23. Nh5 Qd8 24. Bxe6 fxe6 25. Nxh6 Kxh6 26. Nf4+ Kg7 27. Nxe6+ Kf7 28. Nxd8+ Raxd8 29. Qf3 Rdg8 30. Qd1 Rg7 31. Qb3+ Kf8 32. Qe6 Rf7 33. Qxd6+ Kg7 34. g3 Nf8 35. Kg2 Rd7 36. Qb4 Ne6 37. Rad1 Rg8 38. Qc4 Rd6 39. Qb4 Rd7 40. Qb3 Re7 41. Kf3 Rd8 42. Ke2 Nc5 43. Qc2 Kf7 44. h4 Ne6 45. h5 Rh8 46. Rh1 Ke8 47. h6 Reh7 48. Qd2 Rd7 49. Rh5 Nc5 50. Qe3 b5 51. Qf3 Rf7 52. Qf5 Ke7 53. d4 Ne6 54. d5 cxd5 55. exd5 Nc5 56. b4 Nd7 57. Qe6+ Kf8 58. Qxa6 1-0

[Event "IIFL Wealth  4th Mumbai Junior U-13"]
[Site "Mumbai"]
[Date "2019.01.05"]
[Round "7"]
[White "Aditya Varun Gampa"]
[Black "Laddha, Yash Jayesh"]
[Result "1-0"]
[WhiteElo "1809"]
[BlackElo "1449"]
[Annotator "NA RC"]
[PlyCount "85"]
[EventDate "2018.12.30"]
[EventType "swiss"]
[EventCountry "IND"]
[SourceTitle "playchess.com"]
[Source "ChessBase"]
[SourceQuality "1"]

1. e4 c5 2. Nf3 d6 3. d4 cxd4 4. Nxd4 Nf6 5. Nc3 g6 6. Be3 Bg7 7. f3 O-O 8. Qd2 Nc6 9. g4 Be6 10. Nxe6 fxe6 11. O-O-O d5 12. exd5 exd5 13. Bg2 e6 14. Bh6 Qe7 15. Bxg7 Qxg7 16. h4 a6 17. h5 g5 18. Rde1 Rae8 19. h6 Qg6 20. Bf1 d4 21. Ne2 Nd5 22. Ng3 Nf4 23. Ne4 Rd8 24. Kb1 Ne5 25. Nxg5 Qxg5 26. Rh5 Qf6 27. Rhxe5 Kh8 28. a3 b5 29. g5 Qf7 30. Bd3 Nxd3 31. Qxd3 Qxf3 32. Qxf3 Rxf3 33. Rxe6 a5 34. Re7 Rdf8 35. Rb7 R3f5 36. g6 hxg6 37. Ree7 Rf1+ 38. Ka2 R1f7 39. Rxf7 Rxf7 40. Rxf7 g5 41. Rd7 g4 42. Rxd4 g3 43. Rg4 1-0

[Event "IIFL Wealth  4th Mumbai Junior U-13"]
[Site "Mumbai"]
[Date "2019.01.05"]
[Round "7"]
[White "Barde Om"]
[Black "Pawar, Harshit"]
[Result "0-1"]
[WhiteElo "1801"]
[BlackElo "1671"]
[Annotator "NA"]
[PlyCount "120"]
[EventDate "2018.12.30"]
[EventType "swiss"]
[EventCountry "IND"]
[SourceTitle "playchess.com"]
[Source "ChessBase"]
[SourceQuality "1"]

1. e4 Nc6 2. d4 e5 3. d5 Nce7 4. c4 Nf6 5. Nc3 Ng6 6. Bd3 Bc5 7. h3 d6 8. Nge2 a6 9. Ng3 O-O 10. Qe2 Re8 11. Be3 Nf4 12. Bxf4 exf4 13. Nh5 Nxh5 14. Qxh5 Qf6 15. O-O Re5 16. Qf3 Rg5 17. Kh2 Bd4 18. Rac1 Be5 19. Rh1 Qh6 20. Kg1 Rh5 21. Kf1 Rh4 22. Rg1 g5 23. Qd1 Bd7 24. b4 Qf6 25. Nb1 Bb2 26. Rc2 Ba4 27. Nd2 Bxc2 28. Qxc2 Be5 29. Ke2 Rh6 30. Nf3 Rg6 31. Nh2 h5 32. f3 a5 33. b5 Bd4 34. Rb1 Bc5 35. Qb2 Bd4 36. Qc2 Qe5 37. Kd1 Rg7 38. Be2 Re8 39. Bd3 Bg1 40. Nf1 g4 41. hxg4 hxg4 42. Qb2 Bd4 43. Qe2 g3 44. Nd2 Rh7 45. Kc2 a4 46. Qd1 Rh2 47. Bf1 Kg7 48. Rb4 Ra8 49. Kc1 Bc3 50. Rb1 Rh1 51. Qe2 Qd4 52. Kc2 Rah8 53. Qd3 Qxd3+ 54. Kxd3 Bxd2 55. Kxd2 Rg1 56. a3 b6 57. Ke2 Kf6 58. Rb4 Rhh1 59. Rb1 Ke5 60. Rd1 f6 0-1

[Event "IIFL Wealth  4th Mumbai Junior U-13"]
[Site "Mumbai"]
[Date "2019.01.05"]
[Round "7"]
[White "Garv Rai"]
[Black "Divya Deshmukh"]
[Result "0-1"]
[WhiteElo "1772"]
[BlackElo "2190"]
[Annotator "TA"]
[PlyCount "104"]
[EventDate "2018.12.30"]
[EventType "swiss"]
[EventCountry "IND"]
[SourceTitle "playchess.com"]
[Source "ChessBase"]
[SourceQuality "1"]

1. d4 Nf6 2. Bf4 g6 3. Nc3 d5 4. e3 Bg7 5. h4 h6 6. Nb5 Na6 7. Nc3 c6 8. Bxa6 bxa6 9. Nf3 Bg4 10. Be5 O-O 11. Qd3 Qb6 12. Rb1 Nd7 13. Bxg7 Kxg7 14. Nh2 Bf5 15. Qd2 e5 16. O-O exd4 17. exd4 Rfe8 18. b3 Nf6 19. Rfe1 Qb4 20. Nf3 a5 21. Ne5 c5 22. Rbd1 Rac8 23. Re3 cxd4 24. Qxd4 Qxd4 25. Rxd4 Rxe5 26. Rxe5 Rxc3 27. Re2 Bxc2 28. f3 Bd3 29. Rd2 Bb5 30. Kf2 g5 31. hxg5 hxg5 32. Rxd5 Nxd5 33. Rxd5 Rc2+ 34. Kg1 Rc1+ 35. Kf2 Rc2+ 36. Kg1 a6 37. a4 Be2 38. Rxg5+ Kf6 39. Rxa5 Rb2 40. Kf2 Bc4+ 41. Kg3 Rxb3 42. Rc5 Rb4 43. Ra5 Rb6 44. f4 Rb2 45. Rc5 Bf1 46. Kf3 Bxg2+ 47. Kg4 Bf1 48. Rc6+ Kg7 49. Rc5 Ra2 50. Ra5 Bb5 51. Kf3 Rxa4 52. Rxa4 Bxa4 0-1

[Event "IIFL Wealth  4th Mumbai Junior U-13"]
[Site "Mumbai"]
[Date "2019.01.05"]
[Round "7"]
[White "Devesh Anand Naik"]
[Black "Potawad Anirudhha"]
[Result "1-0"]
[WhiteElo "1763"]
[BlackElo "1849"]
[Annotator "NA"]
[PlyCount "120"]
[EventDate "2018.12.30"]
[EventType "swiss"]
[EventCountry "IND"]
[SourceTitle "playchess.com"]
[Source "ChessBase"]
[SourceQuality "1"]

1. Nf3 Nf6 2. g3 g6 3. Bg2 Bg7 4. O-O O-O 5. d4 d5 6. c4 c6 7. b3 b6 8. Bb2 Bb7 9. Nc3 Nbd7 10. Rc1 a6 11. Qc2 Rc8 12. Rfd1 Qc7 13. Qb1 Qb8 14. Ne5 e6 15. Nxd7 Nxd7 16. e4 dxe4 17. Nxe4 Rfd8 18. c5 Bf8 19. Qc2 f5 20. Ng5 Bh6 21. Nxe6 Re8 22. Nf4 Bxf4 23. gxf4 Qxf4 24. Qc4+ Kf8 25. cxb6 Qg4 26. h3 Qf4 27. Rc2 Qh4 28. Qc3 Qf6 29. Qb4+ Qe7 30. Qxe7+ Kxe7 31. Rdc1 Nxb6 32. Bxc6 Bxc6 33. Rxc6 Rxc6 34. Rxc6 Rb8 35. Rc7+ Nd7 36. Ra7 Rb6 37. Ba3+ Ke8 38. Ra8+ Kf7 39. Kg2 Nf6 40. Ra7+ Ke8 41. Bc5 Re6 42. b4 h5 43. a4 g5 44. Kf3 Nd5 45. Ra8+ Kd7 46. Rf8 g4+ 47. hxg4 fxg4+ 48. Kg3 Rf6 49. Rxf6 Nxf6 50. Kh4 Kc6 51. Kg5 Kd5 52. b5 axb5 53. axb5 Ne4+ 54. Kxh5 g3 55. fxg3 Nxg3+ 56. Kg4 Ne4 57. b6 Nf6+ 58. Kf3 Nd7 59. Ke3 Kc6 60. Kd3 Kd5 1-0

[Event "IIFL Wealth  4th Mumbai Junior U-13"]
[Site "Mumbai"]
[Date "2019.01.05"]
[Round "7"]
[White "Ananmay Sharma"]
[Black "Pranesh M"]
[Result "0-1"]
[WhiteElo "1749"]
[BlackElo "2125"]
[Annotator "TA"]
[PlyCount "98"]
[EventDate "2018.12.30"]
[EventType "swiss"]
[EventCountry "IND"]
[SourceTitle "playchess.com"]
[Source "ChessBase"]
[SourceQuality "1"]

1. d4 Nf6 2. Bf4 e6 3. e3 d5 4. Nd2 c5 5. c3 Nc6 6. Ngf3 Bd6 7. Bg3 O-O 8. Bd3 Bxg3 9. hxg3 h6 10. O-O b6 11. Re1 Bb7 12. Qe2 Rc8 13. Rad1 c4 14. Bb1 b5 15. e4 b4 16. Ne5 bxc3 17. bxc3 Ne7 18. exd5 Nexd5 19. Rc1 Nb6 20. Ndxc4 Nxc4 21. Nxc4 Bxg2 22. Kxg2 Qd5+ 23. Be4 Nxe4 24. Qxe4 Qxc4 25. Rc2 Rfd8 26. Rd1 Qa4 27. Rdc1 Rc4 28. Qf3 g6 29. Qe4 Rd5 30. Rd2 Qc6 31. Qf3 Qc7 32. Rdc2 Kg7 33. Qe4 h5 34. Kg1 Qc6 35. f4 h4 36. g4 Qc7 37. Qf3 Rdxd4 38. cxd4 Rxc2 39. Rxc2 Qxc2 40. Qe3 Qd1+ 41. Kh2 Qxg4 42. Qe5+ Kh7 43. Qf6 Kg8 44. Qd8+ Kg7 45. Qc7 Qg3+ 46. Kh1 h3 47. Qe5+ Kh7 48. Qe4 h2 49. Qe2 Qg1# 0-1

[Event "IIFL Wealth  4th Mumbai Junior U-13"]
[Site "Mumbai"]
[Date "2019.01.05"]
[Round "7"]
[White "Shreyas Ghadi"]
[Black "Kadam Om Manish"]
[Result "1/2-1/2"]
[WhiteElo "1653"]
[BlackElo "1944"]
[Annotator "NA RC"]
[PlyCount "93"]
[EventDate "2018.12.30"]
[EventType "swiss"]
[EventCountry "IND"]
[SourceTitle "playchess.com"]
[Source "ChessBase"]
[SourceQuality "1"]

1. d4 Nf6 2. c4 e6 3. g3 d5 4. Nf3 Be7 5. Bg2 O-O 6. O-O dxc4 7. Ne5 Nc6 8. Bxc6 bxc6 9. Nxc6 Qe8 10. Nxe7+ Qxe7 11. Qa4 c5 12. Qxc4 cxd4 13. Qxd4 e5 14. Qh4 Qe6 15. Nc3 Bb7 16. e4 Rac8 17. Be3 a6 18. f3 Ne8 19. g4 Nd6 20. Qf2 g6 21. Na4 f5 22. Nc5 Rxc5 23. exf5 gxf5 24. Bxc5 fxg4 25. Qg3 Bxf3 26. Bxd6 Qxd6 27. Rxf3 Rxf3 28. Qxg4+ Qg6 29. Qxg6+ hxg6 30. Rc1 Rd3 31. Re1 Rd2 32. Rxe5 Rxb2 33. Ra5 Rb6 34. Kg2 Kg7 35. Kg3 Kh6 36. Kg4 g5 37. a3 Rc6 38. Ra4 Rf6 39. Ra5 Rf4+ 40. Kg3 Rf6 41. Kg4 Rd6 42. Ra4 Rc6 43. Ra5 Rd6 44. Ra4 Kg6 45. Ra5 Rd4+ 46. Kg3 Rd3+ 47. Kg4 1/2-1/2

[Event "IIFL Wealth  4th Mumbai Junior U-13"]
[Site "Mumbai"]
[Date "2019.01.05"]
[Round "7"]
[White "Laddha, Shubh Jayesh"]
[Black "Zia, Tahsin Tajwar"]
[Result "1/2-1/2"]
[WhiteElo "1567"]
[BlackElo "1925"]
[Annotator "NA RC"]
[PlyCount "62"]
[EventDate "2018.12.30"]
[EventType "swiss"]
[EventCountry "IND"]
[SourceTitle "playchess.com"]
[Source "ChessBase"]
[SourceQuality "1"]

1. e4 c5 2. Nf3 d6 3. Bb5+ Bd7 4. Bxd7+ Nxd7 5. O-O Ngf6 6. Qe2 Rc8 7. d3 g6 8. Nc3 Bg7 9. h3 O-O 10. Bg5 h6 11. Be3 Nb8 12. Qd2 Kh7 13. Ne2 Nc6 14. c3 a6 15. Ng3 e6 16. Rfc1 Qe7 17. d4 cxd4 18. cxd4 d5 19. e5 Ne4 20. Qe2 Nxg3 21. fxg3 Na5 22. b3 Qa3 23. Ne1 Qe7 24. Nd3 b6 25. Nf2 Ra8 26. Qd2 Rfc8 27. Ng4 Qf8 28. Rf1 Ra7 29. Rfc1 Raa8 30. Rf1 Ra7 31. Rfc1 Raa8 1/2-1/2

[Event "IIFL Wealth  4th Mumbai Junior U-13"]
[Site "Mumbai"]
[Date "2019.01.05"]
[Round "7"]
[White "Bajaj Prakhar"]
[Black "Jain Kashish Manoj"]
[Result "0-1"]
[WhiteElo "1551"]
[BlackElo "1853"]
[Annotator "NA RC"]
[PlyCount "108"]
[EventDate "2018.12.30"]
[EventType "swiss"]
[EventCountry "IND"]
[SourceTitle "playchess.com"]
[Source "ChessBase"]
[SourceQuality "1"]

1. d4 Nf6 2. Nf3 g6 3. c4 Bg7 4. Nc3 O-O 5. e4 d6 6. Be2 e5 7. dxe5 dxe5 8. Qxd8 Rxd8 9. Bg5 c6 10. O-O h6 11. Rad1 Re8 12. Bxf6 Bxf6 13. Rd2 Na6 14. Bd3 Bg4 15. Bc2 Bxf3 16. gxf3 Nc5 17. Rfd1 Ne6 18. Ne2 a5 19. Kg2 a4 20. Nc3 Bg5 21. Rd7 Nc5 22. R7d6 Bd8 23. a3 Bc7 24. R6d2 Ba5 25. Rd6 Bc7 26. R6d2 Kf8 27. Kf1 h5 28. Ke2 Bb6 29. Kf1 Ke7 30. Kg2 Ba5 31. Kf1 Bxc3 32. bxc3 Red8 33. Rxd8 Rxd8 34. Rxd8 Kxd8 35. Ke2 Kc7 36. Kd2 Kd6 37. Bd1 Nb3+ 38. Kd3 Kc5 39. Bc2 f6 40. Bd1 h4 41. h3 Na5 42. Bxa4 Nxc4 43. Bb3 Nxa3 44. Bf7 g5 45. Bb3 Nb5 46. Bg8 Nd6 47. Bb3 b5 48. Bg8 b4 49. c4 Nb7 50. Bf7 Na5 51. Bg8 Nb3 52. Bf7 Nd4 53. Bh5 Kb6 54. Bg4 Ka5 0-1

[Event "IIFL Wealth  4th Mumbai Junior U-13"]
[Site "Mumbai"]
[Date "2019.01.05"]
[Round "7"]
[White "Nanal Arnav"]
[Black "Savitha Shri B"]
[Result "1-0"]
[WhiteElo "1456"]
[BlackElo "1894"]
[Annotator "NA RC"]
[PlyCount "69"]
[EventDate "2018.12.30"]
[EventType "swiss"]
[EventCountry "IND"]
[SourceTitle "playchess.com"]
[Source "ChessBase"]
[SourceQuality "1"]

1. d4 Nf6 2. Nf3 g6 3. c3 Bg7 4. Bf4 O-O 5. h3 d6 6. e3 Nbd7 7. Be2 b6 8. O-O Bb7 9. Nbd2 Qe8 10. a4 e5 11. Bh2 e4 12. Ne1 Qe7 13. Nc2 Rac8 14. a5 Ne8 15. axb6 axb6 16. Ra7 Bc6 17. Nc4 d5 18. Nb4 Qe6 19. Na3 Nb8 20. Qb3 Nd6 21. Ra1 Rfd8 22. Ba6 Nxa6 23. Nxc6 Nb8 24. Nxd8 Rxd8 25. Nb5 Nc6 26. Nxc7 Qf5 27. Ra8 Nc4 28. Rxd8+ Nxd8 29. Ra8 Bf6 30. Qb5 Bh4 31. Bf4 Kg7 32. Qxd5 Nxb2 33. Qxf5 gxf5 34. g3 Bf6 35. Ne8+ 1-0

[Event "IIFL Wealth  4th Mumbai Junior U-13"]
[Site "Mumbai"]
[Date "2019.01.05"]
[Round "7"]
[White "Sairaj Dilip Vernekar"]
[Black "Larmet, Nino"]
[Result "1-0"]
[WhiteElo "1445"]
[BlackElo "1835"]
[Annotator "NA RC"]
[PlyCount "83"]
[EventDate "2018.12.30"]
[EventType "swiss"]
[EventCountry "IND"]
[SourceTitle "playchess.com"]
[Source "ChessBase"]
[SourceQuality "1"]

1. e4 e5 2. Nf3 Nc6 3. d4 exd4 4. Bc4 Bc5 5. c3 Nf6 6. e5 d5 7. Bb5 Ne4 8. cxd4 Bb6 9. O-O O-O 10. Nc3 Bg4 11. Bxc6 bxc6 12. Be3 f6 13. Nxe4 dxe4 14. Qb3+ Kh8 15. Nd2 Bf5 16. Qc3 Qd5 17. Nc4 Rad8 18. exf6 gxf6 19. Rfd1 Rg8 20. Kf1 Bg4 21. Rd2 Qh5 22. Bf4 Bf3 23. gxf3 exf3 24. Bg3 Qh3+ 25. Ke1 Qg2 26. Rdd1 Rge8+ 27. Ne3 Ba5 28. Qxa5 Rxe3+ 29. Kd2 Re2+ 30. Kc3 Qh3 31. Qxc7 Rd7 32. Qxc6 Qf5 33. Kb3 Qd5+ 34. Qxd5 Rxd5 35. Kc4 Rd8 36. b3 Rc2+ 37. Kb4 Rd5 38. a4 a5+ 39. Ka3 Rc3 40. Kb2 Rc8 41. Rac1 Rcd8 42. Rc4 1-0

[Event "IIFL Wealth  4th Mumbai Junior U-13"]
[Site "Mumbai"]
[Date "2019.01.05"]
[Round "7"]
[White "Athalye Varad"]
[Black "Krishnan Ritvik"]
[Result "1/2-1/2"]
[WhiteElo "1442"]
[BlackElo "1812"]
[Annotator "NA RC"]
[PlyCount "92"]
[EventDate "2018.12.30"]
[EventType "swiss"]
[EventCountry "IND"]
[SourceTitle "playchess.com"]
[Source "ChessBase"]
[SourceQuality "1"]

1. e4 c5 2. Nf3 Nc6 3. d4 cxd4 4. Nxd4 Nf6 5. Nc3 e5 6. Ndb5 d6 7. a4 a6 8. Na3 Bg4 9. f3 Be6 10. Bc4 Be7 11. Be3 O-O 12. O-O Rc8 13. Bb3 Bxb3 14. cxb3 Nb4 15. Nc4 Qc7 16. Rc1 Qb8 17. Nb6 Rc6 18. Ncd5 Nbxd5 19. Nxd5 Nxd5 20. Qxd5 Rfc8 21. Rc4 h6 22. Rfc1 Qc7 23. Qd3 Qd7 24. Qd5 Bf8 25. a5 Kh7 26. h3 Kg8 27. Kh2 Be7 28. b4 Rxc4 29. Rxc4 Rxc4 30. Qxc4 Qc6 31. b3 Kf8 32. b5 Qxc4 33. bxc4 Ke8 34. Kg3 Bd8 35. Bd2 Kd7 36. Kf2 Ke6 37. Ke2 f5 38. Kd3 f4 39. Kc2 Bh4 40. Kb3 Bf2 41. Bb4 Bc5 42. Be1 Bd4 43. Bh4 g5 44. Be1 Bc5 45. Ka4 Kf6 46. Kb3 Kg6 1/2-1/2

[Event "IIFL Wealth  4th Mumbai Junior U-13"]
[Site "Mumbai"]
[Date "2019.01.06"]
[Round "8"]
[White "Divya Deshmukh"]
[Black "Shah Jeet"]
[Result "0-1"]
[WhiteElo "2190"]
[BlackElo "1904"]
[Annotator "TA"]
[PlyCount "76"]
[EventDate "2018.12.30"]
[EventType "swiss"]
[EventCountry "IND"]
[SourceTitle "playchess.com"]
[Source "ChessBase"]
[SourceQuality "1"]

1. e4 e5 2. Nc3 Nf6 3. Bc4 Nxe4 4. Qh5 Nd6 5. Bb3 Be7 6. Nf3 Nc6 7. d3 g6 8. Qg4 h5 9. Qh3 Nf5 10. g4 Nfd4 11. gxh5 Rxh5 12. Qg2 Nxb3 13. axb3 d5 14. Bd2 Be6 15. O-O-O Qd7 16. h4 O-O-O 17. Ng5 Nd4 18. Rde1 Nf5 19. f4 d4 20. Nce4 Bd5 21. fxe5 Nxh4 22. Qf2 Bxg5 23. Bxg5 Bxe4 24. Rxe4 Rxg5 25. Rhxh4 Rf5 26. Qg1 Qe7 27. Rxd4 Rxe5 28. Rxd8+ Qxd8 29. Rf4 Qe7 30. Qf2 Re2 31. Qxa7 Re1+ 32. Kd2 Re2+ 33. Kc3 Qe5+ 34. Rd4 c5 35. Qa8+ Kc7 36. Qa5+ Kc6 37. Qa4+ Kb6 38. Qc6+ Kxc6 0-1

[Event "IIFL Wealth  4th Mumbai Junior U-13"]
[Site "Mumbai"]
[Date "2019.01.06"]
[Round "8"]
[White "Pranesh M"]
[Black "Gukesh D"]
[Result "1-0"]
[WhiteElo "2125"]
[BlackElo "2466"]
[Annotator "TA"]
[PlyCount "97"]
[EventDate "2018.12.30"]
[EventType "swiss"]
[EventCountry "IND"]
[SourceTitle "playchess.com"]
[Source "ChessBase"]
[SourceQuality "1"]

1. e4 c5 2. Nf3 d6 3. Nc3 Nf6 4. d4 cxd4 5. Qxd4 Nc6 6. Bb5 Bd7 7. Bxc6 Bxc6 8. Bg5 e6 9. O-O Be7 10. Rad1 O-O 11. Rfe1 Qc7 12. Qd3 Rfd8 13. Nd4 Rac8 14. f3 a6 15. Bh4 Be8 16. Bf2 Nd7 17. f4 Ne5 18. fxe5 dxe5 19. Nxe6 fxe6 20. Qh3 Bf7 21. Qg3 b5 22. a3 Rxd1 23. Rxd1 a5 24. Qe3 b4 25. axb4 axb4 26. Ne2 Bh5 27. Rd2 Qa5 28. h3 Bc5 29. Qg3 Rf8 30. Bxc5 Qxc5+ 31. Kh2 Qf2 32. Rd7 Qf6 33. Nc1 Bg6 34. Nd3 Bxe4 35. Nxe5 h5 36. h4 Bxg2 37. Ng6 Re8 38. Kxg2 e5 39. Qd3 Qc6+ 40. Qd5+ Qxd5+ 41. Rxd5 e4 42. Rxh5 Kf7 43. Ne5+ Ke6 44. Ng4 Rc8 45. Ne3 b3 46. cxb3 Rb8 47. Nc2 Rd8 48. Kg3 Rd2 49. Rc5 1-0

[Event "IIFL Wealth  4th Mumbai Junior U-13"]
[Site "Mumbai"]
[Date "2019.01.06"]
[Round "8"]
[White "Zia, Tahsin Tajwar"]
[Black "Devesh Anand Naik"]
[Result "1/2-1/2"]
[WhiteElo "2125"]
[BlackElo "1763"]
[Annotator "NA"]
[PlyCount "69"]
[EventDate "2018.12.30"]
[EventType "swiss"]
[EventCountry "IND"]
[SourceTitle "playchess.com"]
[Source "ChessBase"]
[SourceQuality "1"]

1. d4 Nf6 2. Nf3 g6 3. Bf4 Bg7 4. e3 O-O 5. h3 d6 6. Be2 Nbd7 7. Bh2 Qe8 8. c4 e5 9. Nc3 c6 10. O-O Qe7 11. Rc1 Ne8 12. b4 f5 13. Qb3 Kh8 14. Rfd1 g5 15. dxe5 dxe5 16. a4 a5 17. b5 h5 18. Nd2 g4 19. hxg4 hxg4 20. e4 f4 21. bxc6 bxc6 22. Bxg4 Nc5 23. Qa3 Bxg4 24. f3 Qa7 25. Kh1 Nd3 26. Bg1 Nf2+ 27. Bxf2 Qxf2 28. fxg4 f3 29. Nxf3 Rxf3 30. gxf3 Qxf3+ 31. Kh2 Qf2+ 32. Kh1 Qf3+ 33. Kh2 Qf2+ 34. Kh1 Qf3+ 35. Kh2 1/2-1/2

[Event "IIFL Wealth  4th Mumbai Junior U-13"]
[Site "Mumbai"]
[Date "2019.01.06"]
[Round "8"]
[White "Manish Anto Cristiano F"]
[Black "Aaryan Varshney"]
[Result "1/2-1/2"]
[WhiteElo "2065"]
[BlackElo "2200"]
[Annotator "NA"]
[PlyCount "105"]
[EventDate "2018.12.30"]
[EventType "swiss"]
[EventCountry "IND"]
[SourceTitle "playchess.com"]
[Source "ChessBase"]
[SourceQuality "1"]

1. e4 c5 2. Nf3 d6 3. d4 cxd4 4. Nxd4 Nf6 5. Nc3 a6 6. Be3 e5 7. Nf3 Be7 8. Bc4 O-O 9. O-O Be6 10. Bb3 h6 11. Qe2 Nc6 12. Rfd1 Rc8 13. Nh4 Na5 14. Bxe6 fxe6 15. Ng6 Re8 16. Nxe5 Qc7 17. Ng6 Nc4 18. Bc1 b5 19. b3 Nb6 20. Bb2 b4 21. Na4 Nxa4 22. bxa4 Qxc2 23. Qxc2 Rxc2 24. Nxe7+ Rxe7 25. Bxf6 gxf6 26. Rxd6 Kf7 27. Rxa6 Rd7 28. Rb6 Rxa2 29. Rf1 Rxa4 30. Re1 Rd2 31. e5 Re2 32. Kf1 Rb2 33. exf6 Raa2 34. Rexe6 Rxf2+ 35. Ke1 Rfb2 36. Re7+ Kg6 37. Rg7+ Kf5 38. Rd6 Rb1+ 39. Rd1 Rxd1+ 40. Kxd1 Kxf6 41. Rb7 Rxg2 42. Rxb4 Rxh2 43. Ke1 Rg2 44. Kf1 Rg5 45. Rb6+ Kg7 46. Rb7+ Kg6 47. Rb4 h5 48. Rb6+ Kf5 49. Rb5+ Kf4 50. Rxg5 Kxg5 51. Kg1 h4 52. Kh2 h3 53. Kxh3 1/2-1/2

[Event "IIFL Wealth  4th Mumbai Junior U-13"]
[Site "Mumbai"]
[Date "2019.01.06"]
[Round "8"]
[White "Kadam Om Manish"]
[Black "Abhyuday Santhosh"]
[Result "1-0"]
[WhiteElo "1944"]
[BlackElo "1409"]
[Annotator "NA"]
[PlyCount "85"]
[EventDate "2018.12.30"]
[EventType "swiss"]
[EventCountry "IND"]
[SourceTitle "playchess.com"]
[Source "ChessBase"]
[SourceQuality "1"]

1. e4 c5 2. Nf3 d6 3. d4 cxd4 4. Nxd4 Nf6 5. Nc3 a6 6. Be2 e5 7. Nf3 Be6 8. Bg5 Be7 9. Nd2 b5 10. Bxf6 Bxf6 11. Nf1 Nc6 12. Ne3 Ne7 13. a4 b4 14. Ncd5 Bxd5 15. Nxd5 Nxd5 16. Qxd5 O-O 17. O-O Qc7 18. Bc4 a5 19. b3 Qc5 20. Qd3 Rac8 21. Rad1 Be7 22. Qe2 Qb6 23. Kh1 Rc5 24. Qg4 Qc7 25. f4 exf4 26. Rxf4 Qc8 27. Qf3 Qe8 28. Rf1 Bf6 29. Rxf6 gxf6 30. Qxf6 Rxc4 31. bxc4 Qxe4 32. Qxd6 Qxc2 33. h3 Qg6 34. Qe5 f6 35. Qxa5 b3 36. Qb4 Qc2 37. Rf3 Rd8 38. Rxb3 Qf2 39. Kh2 Rd1 40. Qb8+ Kf7 41. Rb7+ Ke6 42. Qe8+ Kf5 43. Qh5+ 1-0